Представление документа в формате RUSMARC

ПолеНазваниеЗначение
  Тип записи a
  Библиографический уровень m
001 Контрольный номер LIBNET\0000756085
005 Дата корректировки 20201206205124.4
010 Индекс ISBN __
a ISBN 978-5-8018-0695-2
d Цена 489-56
100 Данные общей обработки __
a Данные общей обработки 19180313d2016||||||| 0rusy0189 ca
101 Язык документа 0_
a Язык текста rus
102 Страна публикации __
a Страна публикации RU|
102 Страна публикации __
a Страна публикации RU
105 Кодированные данные (монография) __
a Кодированные данные (монография) #|||||||000zy
200 Заглавие и сведения об ответственности 1_
a Заглавие Актуальные проблемы права
e Сведения, относящиеся к заглавию учебное пособие для бакалавров и магистров
f Первые сведения об ответственности А. Н. Чашин ; под редакцией В. В. Лапаевой
b Общее обозначение материала Текст
210 Выходные данные __
a Место издания Москва
c Издательство Дело и сервис
d Дата издания 2016
215 Физическое описание __
a Объем 269, [1] с.
d Формат 21 см
300 Общие примечания __
a Общие примечания 500 экз.
320 Библиография __
a Библиография Библиография в примечаниях: с. 232-270 (701 название)
330 Аннотация __
a Аннотация В книге изложены взгляды на основные теоретические проблемы функционирования государства и права. Предлагаемое учебное пособие предназначено для методического обеспечения процессов обучения бакалавров и магистров по следующим дисциплинам: теория государства и права, актуальные проблемы права, история политических и правовых учений, правоведение, политология. Издание будет полезно студентам, курсантам и слушателям высших и средних специальных учебных заведений юридического профиля, преподавателям, аспирантам, а также всем, кто интересуется особенностями отечественной юридической и философской мысли.
606 Тематические рубрики __
a Основная рубрика Право
606 Тематические рубрики __
a Основная рубрика Общая теория права
610 Ключевые слова __
a Ключевые слова государственная власть
a Ключевые слова естественное право
a Ключевые слова источники права
a Ключевые слова правовое государство
a Ключевые слова правовые нормы
a Ключевые слова правовые проблемы
a Ключевые слова правовые системы
a Ключевые слова происхождение государства
a Ключевые слова происхождение права
a Ключевые слова разделение властей
a Ключевые слова система права
a Ключевые слова современное право
a Ключевые слова теория государства
a Ключевые слова теория права
a Ключевые слова формы права
a Ключевые слова юридическая ответственность
686 Индексы других классификаций __
2 Код системы rubbks
a Классификационный индекс 67.0я73
700 Автор _1
a Фамилия Чашин
b Имя А. Н.
f Даты 1976-
g Полное личное имя Александр Николаевич
4 Код отношения 070
702 Вторичная интеллектуальная ответственность _1
a Фамилия Лапаева
b Имя В. В.
4 Код отношения Редактор
c Титул (звания) юрист
f Даты 1952-
g Полное личное имя Валентина Викторовна
4 Код отношения 340
801 Источник записи _0
a Страна RU
b Организация Тюменская ОНБ
c Дата составления 20180313
g Правила каталогизации RCR
801 Источник записи _2
a Страна RU
b Организация Муниципальное бюджетное учреждение культуры "Централизованная библиотечная система" г. Сургут (Центральная городская библиотека им. А. С. Пушкина)
c Дата составления 20180313
852 Данные о местонахождении __
j Шифр хранения 67.0я73
i Авторский знак Ч-29
901 Тип документа __
t Тип документа m
a Ответственный КиК/Котельникова
903 Характеристики (МАРС) __
a Дата передачи 20180313
969 Тип издания __
a Тип издания учебное пособие
990 Данные о заказе (DOS) __
j Количество экземпляров (DOS) 2
t N записи в КСУ для И/У (DOS) 201804